[Event "HUN-chT2 Toth 1718"]
[Site "Hungary"]
[Date "2018.02.18"]
[Round "8.9"]
[White "Gyorgydeak, Tibor"]
[Black "Lenart, Janos"]
[Result "0-1"]
[WhiteElo "1790"]
[BlackElo "2024"]
[PlyCount "118"]
[EventDate "2017.09.24"]
[EventType "team-tourn"]
[EventRounds "11"]
[EventCountry "HUN"]
[SourceTitle "EXT 2021"]
[Source "ChessBase"]
[SourceDate "2020.10.23"]
[SourceVersion "1"]
[SourceVersionDate "2020.10.23"]
[SourceQuality "1"]
[WhiteTeam "Gyula"]
[BlackTeam "Kecskemet Takisz"]
[WhiteTeamCountry "HUN"]
[BlackTeamCountry "HUN"]

1. e4 e6 2. d4 d5 3. Nc3 dxe4 4. Nxe4 Nf6 5. Nxf6+ Qxf6 6. Nf3 h6 7. Bc4 Bd6 8. 0-0 0-0 9. Be3 Nd7 10. c3 b6 11. Be2 Rd8 12. Nd2 Bb7 13. Bf3 Bxf3 14. Qxf3 Qxf3 15. Nxf3 Kf8 16. Rad1 a5 17. b3 a4 18. b4 b5 19. Rfe1 Nb6 20. a3 Re8 21. g3 Rad8 22. h4 Nc4 23. Bc1 f6 24. Nd2 Nb6 25. Nf3 h5 26. Kg2 Kf7 27. Re2 c6 28. Rde1 Nd5 29. Bd2 Rd7 30. Kf1 Rde7 31. Kg2 Nb6 32. Bc1 e5 33. dxe5 Bxe5 34. Nxe5+ Rxe5 35. Rxe5 Rxe5 36. Rxe5 fxe5 37. Kf3 Ke6 38. Ke4 Nd5 39. Kd3 Nb6 40. f3 Kf5 41. Ke2 Nc4 42. Kd3 Nd6 43. Bd2 Nc4 44. Bc1 Ke6 45. Ke4 Nd6+ 46. Kd3 Nf5 47. g4 Nxh4 48. gxh5 Nxf3 49. Ke4 Nh4 50. h6 gxh6 51. Bxh6 Nf5 52. Bc1 Nd6+ 53. Kd3 Kd5 54. Bd2 e4+ 55. Kc2 Nf5 56. Bg5 Kc4 57. Bf6 Ne3+ 58. Kb2 Kd3 59. Kc1 Nc4 0-1

[Event "HUN-chT2 Toth 1718"]
[Site "Hungary"]
[Date "2017.09.24"]
[Round "1.11"]
[White "Gyorgydeak, Tibor"]
[Black "Hideg, Ferenc Bendeguz"]
[Result "1/2-1/2"]
[WhiteElo "1790"]
[BlackElo "1704"]
[PlyCount "102"]
[EventDate "2017.09.24"]
[EventType "team-tourn"]
[EventRounds "11"]
[EventCountry "HUN"]
[SourceTitle "EXT 2021"]
[Source "ChessBase"]
[SourceDate "2020.10.23"]
[SourceVersion "1"]
[SourceVersionDate "2020.10.23"]
[SourceQuality "1"]
[WhiteTeam "Gyula"]
[BlackTeam "Felegyhaza Csongrad"]
[WhiteTeamCountry "HUN"]
[BlackTeamCountry "HUN"]

1. e4 d6 2. d4 Nf6 3. Nc3 c6 4. Nf3 Bg4 5. Be2 e6 6. Be3 Be7 7. 0-0 d5 8. exd5 exd5 9. Re1 0-0 10. Qd2 Bb4 11. Qd3 Re8 12. a3 Bd6 13. h3 Bh5 14. Qd2 Nbd7 15. Bf4 Qc7 16. Bxd6 Qxd6 17. Qg5 Nf8 18. Qd2 Ne6 19. Ne5 Bxe2 20. Rxe2 Re7 21. Rae1 Rae8 22. f3 Nd7 23. Nxd7 Qxd7 24. Re5 Nf8 25. Rxe7 Rxe7 26. Rxe7 Qxe7 27. Qe2 Ne6 28. Qe3 Qc7 29. Ne2 h6 30. c3 Qb6 31. Qd2 a6 32. b4 Qd8 33. Nc1 Qd6 34. Nd3 Qg3 35. Qf2 Qg6 36. Qe3 Qf5 37. a4 Qf6 38. a5 Qd8 39. f4 b6 40. f5 Ng5 41. axb6 Qxb6 42. Qe8+ Kh7 43. h4 Ne4 44. Qxf7 Nxc3 45. Nc5 Qd8 46. Qg6+ Kh8 47. Ne6 Qe7 48. f6 gxf6 49. Qxh6+ Kg8 50. Qg6+ Kh8 51. Qh6+ Kg8 1/2-1/2

[Event "HUN-chT2 Toth 1617"]
[Site "Hungary"]
[Date "2016.10.30"]
[Round "3.8"]
[White "Toth, Kazmer"]
[Black "Gyorgydeak, Tibor"]
[Result "1-0"]
[WhiteElo "1946"]
[BlackElo "1795"]
[PlyCount "145"]
[EventDate "2016.09.25"]
[EventType "team-tourn"]
[EventRounds "11"]
[EventCountry "HUN"]
[SourceTitle "EXT 2021"]
[Source "ChessBase"]
[SourceDate "2020.10.23"]
[SourceVersion "1"]
[SourceVersionDate "2020.10.23"]
[SourceQuality "1"]
[WhiteTeam "Felegyhaza Csongrad"]
[BlackTeam "Gyula"]
[WhiteTeamCountry "HUN"]
[BlackTeamCountry "HUN"]

1. c4 Nf6 2. Nc3 d5 3. d4 g6 4. Nf3 Bg7 5. cxd5 Nxd5 6. e3 0-0 7. Qb3 Nb6 8. Be2 Be6 9. Qc2 Bf5 10. Qd1 c6 11. 0-0 N8d7 12. e4 Bg4 13. Be3 Re8 14. Qc2 Nf8 15. Rad1 Rc8 16. b3 Ne6 17. Qd2 Qc7 18. h3 Bxf3 19. Bxf3 Red8 20. Ne2 Nf8 21. Qb4 e5 22. d5 c5 23. Qa3 Nfd7 24. Bg4 Bf8 25. Qb2 a6 26. Rc1 Qd6 27. Bd2 h5 28. Bf3 Nf6 29. Ba5 Re8 30. Rc2 Nbd7 31. Rfc1 b6 32. Bd2 Rb8 33. g4 hxg4 34. hxg4 Be7 35. Kg2 Kg7 36. Ng3 Rh8 37. Rh1 Rxh1 38. Kxh1 Rh8+ 39. Kg2 Ne8 40. b4 Nef6 41. a3 Rc8 42. bxc5 Nxc5 43. Bb4 Nfd7 44. Be2 a5 45. Bxc5 Rxc5 46. Bb5 Rxc2 47. Qxc2 Nc5 48. a4 Bh4 49. Ne2 Be7 50. f3 Qf6 51. Qb2 Qd6 52. Bc6 Bd8 53. Qc3 f6 54. Qe3 Bc7 55. Nc3 Na6 56. Nb5 Qd8 57. Qd3 Nb4 58. Qc4 Bd6 59. Nxd6 Qxd6 60. Bb5 Qc5 61. Qxc5 bxc5 62. Kf2 Kf7 63. d6 Ke6 64. d7 Ke7 65. Ke2 Nc2 66. Kd3 Nd4 67. Kc4 Nxb5 68. Kxb5 Kxd7 69. Kxc5 Kc7 70. Kb5 g5 71. Kxa5 Kb7 72. Kb5 Ka7 73. Kc6 1-0

[Event "HUN-chT2 Toth 1516"]
[Site "Hungary"]
[Date "2015.09.26"]
[Round "2.8"]
[White "Nagy, Jozsef"]
[Black "Gyorgydeak, Tibor"]
[Result "1-0"]
[WhiteElo "1855"]
[BlackElo "1832"]
[PlyCount "151"]
[EventDate "2015.09.13"]
[EventType "team-tourn"]
[EventRounds "11"]
[EventCountry "HUN"]
[SourceTitle "CBM 170 Extra"]
[Source "ChessBase"]
[SourceDate "2016.02.25"]
[SourceVersion "1"]
[SourceVersionDate "2016.02.25"]
[SourceQuality "1"]
[WhiteTeam "Felegyhaza Csongrad"]
[BlackTeam "Gyula"]
[WhiteTeamCountry "HUN"]
[BlackTeamCountry "HUN"]

1. d4 Nf6 2. c4 g6 3. Nf3 Bg7 4. Nc3 d5 5. Bf4 c6 6. e3 0-0 7. Rc1 Qa5 8. Qd2 Rd8 9. cxd5 Nxd5 10. Nxd5 Qxd2+ 11. Nxd2 Rxd5 12. Bc4 Rd8 13. Ne4 Nd7 14. Ng5 Rf8 15. Nf3 Nb6 16. Bb3 Bf5 17. 0-0 Be4 18. Ng5 Bd5 19. Bc2 h6 20. Ne4 Nd7 21. Nc3 Bc4 22. Rfd1 Rfd8 23. b3 Ba6 24. Bc7 Re8 25. Be4 Rac8 26. Bg3 Red8 27. h3 Nf8 28. Na4 Nd7 29. Bf3 Kf8 30. Nc5 Nxc5 31. Rxc5 e6 32. Rdc1 Bf6 33. a4 Ke8 34. Bf4 h5 35. g4 hxg4 36. hxg4 Kf8 37. Kg2 Kg7 38. Rh1 Rh8 39. g5 Be7 40. Rxh8 Rxh8 41. Be5+ f6 42. gxf6+ Bxf6 43. Bxf6+ Kxf6 44. Ra5 Rc8 45. b4 Bc4 46. Rxa7 Ba6 47. b5 cxb5 48. axb5 Bxb5 49. Rxb7 Bc6 50. Rb6 Bxf3+ 51. Kxf3 Rd8 52. Ke4 Rd7 53. Kd3 Kf7 54. e4 Ke7 55. Rc6 Kf7 56. Kc4 Ra7 57. Kc5 Ke7 58. d5 exd5 59. Kxd5 Ra5+ 60. Rc5 Ra2 61. f4 Ra7 62. Ke5 Kf7 63. Kd4 Ra4+ 64. Rc4 Ra7 65. Rc3 Ra4+ 66. Ke3 Ra7 67. Kf3 Re7 68. Rc6 Kg7 69. Rc5 Kf6 70. Rg5 Ra7 71. Rb5 Ra3+ 72. Kg4 Ra7 73. Rb6+ Kf7 74. Kg5 Ra5+ 75. e5 Ra4 76. Rf6+ 1-0